Books of the Bible with 4 letters - Statistics

General Stats
  • This quiz has been taken 644 times
  • The average score is 9 of 12
Answer Stats
Book % Correct
John
97%
Luke
95%
Mark
94%
Ruth
92%
Acts
86%
Jude
81%
Ezra
70%
Amos
67%
1 John
64%
2 John
64%
3 John
63%
Joel
63%
No matching quizzes found
Score Distribution
Percent of People with Each Score
Percentile by Number Answered
Your Score History
You have not taken this quiz